000 00810nmm a2200265 a 4500
001 ocm000613637
003 TR-IsHL
005 20201028133750.0
008 131121s2006 tu tur
007 cr cn
020 _a9789754451542
035 _a613637
_b(N$T)
050 0 4 _aBL96
_b.F48 2006
090 0 4 _aBL96
_b.F48 2006
100 1 _aFethi, Turgut
245 1 0 _aOluşum
_h[electronic resource] /
_cTurgut Fethi
260 _aİstanbul :
_bToker Yayınları,
_c2006
300 _a160 p.
650 4 _aFelsefe, Psikoloji ve Din
650 4 _aPhilosophy, Psychology and Religion
650 0 _aDinler
_x Tarih
650 0 _aReligions
_x History
650 7 _aRELIGION / History
_2bisacsh
856 4 0 _uhttp://search.ebscohost.com/login.aspx?direct=true&scope=site&db=e011xww&AN=613637
999 _c5823
_d5823